000 00921nam a2200277 i 4500
003 DO-SdBNP
005 20250710112332.0
007 ta
008 250710b2025 dr a|||| |||| 00| 0 spa d
020 _a9789945294293
040 _aDO-SdBNP
_bspa
_cBNPHU
_erda
041 _aspa
082 4 _axxx
_bY65L
_222
100 _aYoset, Mario,
_4aut.
_eautor
_988311
245 1 3 _aLa lección de la gallina ticha :
_bcuento de superación infantil, ilustrado /
_cMario Yoset ; corrección, Antonio Taveras Mejía
250 _aPrimera edición
264 1 _aSanto Domingo :
_bEditor no identificado,
_c2025.
300 _a47 páginas :
_bilustraciones ;
_c27 cm.
336 _atexto
_btxt
_2rdacontent
337 _asin mediación
_bn
_2rdamedia
338 _avolumen
_bnc
_2rdacarrier
590 _aInventariado, 2025/BT
700 1 _aTaveras Mejía, Antonio,
_ecorrector
_4corr.
_96478
910 _aBtavárez
942 _2ddc
_cLF2
999 _c59486
_d59486